000 00299nam a22001337a 4500
008 170407b xxu||||| |||| 00| 0 eng d
020 _a0721666957
041 _aeng
080 _a616
100 _a9
101 _aSHM
245 _aORAL MAXILLOFACIAL PATHOLOGY[
_cHORSCHAFT.E.E
942 _2udc
_cBK
999 _c10275
_d10275